| 000 | 00479nam a2200145Ia 4500 | ||
|---|---|---|---|
| 008 | 170725s9999 xx 000 0 und d | ||
| 100 | _aKent N. Schneider | ||
| 245 | _aBeyond the mechanics of spreadsheets: using design instruction to address spreadsheet errors | ||
| 245 | _cKent N. Schneider, Lana L. Becker & Gary G. Berg | ||
| 260 | _c2017 | ||
| 300 | _apages 127-143, April | ||
| 440 |
_aAccounting Education _v26:2 |
||
| 500 | _aCJ0027 | ||
| 650 | _aAccounting Education | ||
| 999 |
_c340856 _d340856 |
||